00827nam a2200217 a 450000100100000000500170001000800410002704000250006808200200009310000340011324500890014726000540023630000270029050400270031759000270034465000320037165000340040391000370043795201180047499900170059200002235820200930011709.0101004s1980 dr a 001 0 spa d aDO-SdBNPbspacBNPHU a651.3741bA681s1 aAres Jaimes, Ambrosina94612213aLa secretaria ejecutiva :bsus logros, triunfos y fracasos /cAmbrosina Ares Jaimes. a[Santo Domingo] :bImpresora Iván Dotel,c1980. a70 p. :bil. ;c22 cm. aBibliografía: p. 70. aInventariado, 2018/ YL 4aEmpleados de oficina946123 4aPrácticas de oficina946124 aValidado. Control de calidad EMS 0010718PDaPDbPDcHDd2010-10-04iLF1l0o651.3741 A681sp22358-10r2020-06-25w2020-06-25yLFPDZNo se presta c21856d21856